Josman ou Jok'air ? - Statistiques

Statistiques générales
  • Ce quiz a été pris 446 fois
  • Le résultat moyen est 7 sur 10
Statistiques - réponses
Question Réponse % Correct
Est né dans les années 1990 Les deux
89%
A sorti un album en 2018 Les deux
86%
Est l'auteur d'une chanson nommée "Toxxxic" Josman
78%
Est l'auteur d'une chanson de plus de 8 minutes Jok'air
77%
A fait partie d'un groupe Jok'air
69%
S'appelle en réalité José Josman
67%
Est né à Vierzon Josman
56%
Est d'origine ivoirienne Jok'air
50%
A fait un feat avec Hamza Josman
45%
Est né en Bretagne Aucun
37%
Aucun quiz correspondant
Distribution des résultats
% des personnes avec chaque résultat
Percentile par nombre de réponses
Votre historique - résultats
Vous n’avez pas pris ce quiz